| 000 | 01028nam0a22003131 4500 | ||
|---|---|---|---|
| 001 | rc\2179938 | ||
| 005 | 20260406043451.0 | ||
| 035 | _a(NLR Aleph) 006690615 | ||
| 090 |
_a5146821 _c5146821 |
||
| 100 | _a20110829d1978 |||y0rusy50 ca | ||
| 101 | 0 | _arus | |
| 102 | _aRU | ||
| 105 | _aa z ||||| | ||
| 200 | 1 | _aДерматомиозит у детей | |
| 210 |
_aМосква _cМедицина _d1978 |
||
| 215 |
_a229 с. _cил. _d21 |
||
| 300 | _aРез. англ. | ||
| 320 | _aБиблиогр.: с. 221-226 | ||
| 606 |
_aДерматомиозит у детей _2psbo |
||
| 700 | 1 |
_8rus _7ca _aИсаева _bЛ. А. _cд-р мед. наук _f1925-1991 _gЛюдмила Александровна _3RU\NLR\AUTH\773520 _9113516 |
|
| 701 | 1 |
_aЖвания _bМ.А. _gМанана Александровна |
|
| 801 | 0 |
_aRU _bNLR _gpsbo |
|
| 801 | 1 |
_aRU _bELAR _2rusmarc |
|
| 852 |
_aNLR _j79-3/1671 |
||
| 899 |
_aRuMoRGB _jБ 78-5/1179 |
||
| 899 |
_aRuMoRGB _jБ 78-5/1180 |
||
| 942 | _cBOOK | ||
| 980 | _aNB | ||